LEGO Ninjago: Seasons - Statistics

General Stats
  • This quiz has been taken 1,557 times
    1,394 since last reset
  • The average score is 7 of 8
Answer Stats
Season # Season % Correct
Season 1 Rise of the Snakes
90%
Season 4 The Tournament of Elements
87%
Season 7 Hands of Time
86%
Season 3 Rebooted
84%
Season 6 Skybound
82%
Season 8 Sons of Garmadon
82%
Season 2 Legacy of the Green Ninja
73%
Season 5 Possession
70%
No matching quizzes found
Score Distribution
Percent of People with Each Score
Percentile by Number Answered
Your Score History
You have not taken this quiz since the last reset